Boy Scout Law Quiz Stats

 Plays Quiz Updated Jul 12, 2019

Score 0/12 Timer 03:00
2 Plays Today
A Scout Is.... % Correct
Loyal
86.5%
Kind
80.2%
Trustworthy
79.5%
Helpful
75.7%
Brave
75.5%
Clean
70.4%
Friendly
68%
Thrifty
66.8%
Reverent
66.2%
Obedient
64.7%
Courteous
62%
Cheerful
61.7%

You're not logged in!

Compare scores with friends on all Sporcle quizzes.
OR
Log In

Sporcle TV

Today on Sporcle TV


Watch our educational content, quiz creation guides, and fun videos on Sporcle TV.

Show Comments

Extras

Top Quizzes Today


Score Distribution

Your Account Isn't Verified!

In order to create a playlist on Sporcle, you need to verify the email address you used during registration. Go to your Sporcle Settings to finish the process.

Report this User

Report this user for behavior that violates our Community Guidelines.

Details: